MARC

LEADER 00000nam0a2200000 4500
001 357205
005 20231102010952.0
035 |a (RuTPU)RU\TPU\retro\14465 
090 |a 357205 
100 |a 20200803d1864 km y0rusy50 ca 
101 1 |a rus  |c eng 
102 |a RU 
105 |a a j 000zy 
200 1 |a Руководство для инженеров строителей  |e пер. с англ.  |f У. Дж. М. Ранкин (Ренкин, Рэнкин)  |g пер. П. Андреева 
210 |a Санкт-Петербург  |c Издатель-книгопродавец В. А. Исаков  |d 1864 
215 |a 400 с.  |c ил. 
300 |a Текст в русской дореволюционной орфографии 
606 1 |a Строительная механика  |2 stltpush  |3 (RuTPU)RU\TPU\subj\57240  |9 75102 
606 1 |a Строительство  |2 stltpush  |3 (RuTPU)RU\TPU\subj\57832  |9 75681 
610 1 |a практические руководства 
610 1 |a инженерная геодезия 
610 1 |a геодезическая съемка 
610 1 |a координаты 
610 1 |a вычисления 
610 1 |a морская съемка 
610 1 |a устойчивость 
610 1 |a арки 
610 1 |a висячие мосты 
610 1 |a балки 
610 1 |a земляные работы 
610 1 |a каменные строения 
675 |a 624.04(07)  |v 4 
675 |a 69(07)  |v 4 
700 1 |a Ранкин (Ренкин, Рэнкин)  |b У. Дж. М.  |c шотландский инженер  |c физик  |c один из создателей технической термодинамики  |f 1820-1872  |g Уильям Джон Макуорн  |2 stltpush  |3 (RuTPU)RU\TPU\pers\21073  |9 8726 
702 1 |a Андреев  |b П.  |4 730 
801 1 |a RU  |b 63413507  |c 20200803 
801 2 |a RU  |b 63413507  |c 20200914  |g RCR 
942 |c BK